| 000 | 00912cam a2200229 4500 | ||
|---|---|---|---|
| 008 | 000000n2002 000 0 eng u | ||
| 020 | _a0721916104 | ||
| 035 | _a(Sirsi) u112372 | ||
| 041 | _aeng. | ||
| 050 | _a627.4 | ||
| 100 | _aHowarth, W. | ||
| 245 | _aFlood defence law | ||
| 260 |
_aCrayford, Kent _bShaw & Sons Limited _c2002 |
||
| 300 |
_alv,552p. _c24cm. |
||
| 350 | _a45.00 | ||
| 520 | _aAims to provide a comprehensive and accessible account of the law and policy of England and Wales relating to flood defence. Includes chapters on: private rights and duties; institutional responsibilities; operational and regulatory powers; coast protection; funding; sewerage and water supply; public health, highways and reservoirs; planning; and sustainability. | ||
| 650 | _aFLOOD DEFENCES | ||
| 650 | _aFLOODING | ||
| 650 | _aLAW | ||
| 690 | _aENVIRONMENTAL AND LAND CONSULTANCY | ||
| 942 | _n0 | ||
| 999 |
_c101418 _d101418 |
||